Welcome to WEB OPAC of MRSPTU Central Library

Guru Arjan Dev Bachnabali (ਗੁਰੂ ਅਰਜਨ ਬਚਨਾਵਲੀ) (Record no. 10053)

MARC details
000 -LEADER
fixed length control field 00466nam a22001577a 4500
003 - CONTROL NUMBER IDENTIFIER
control field OSt
005 - DATE AND TIME OF LATEST TRANSACTION
control field 20240506162317.0
008 - FIXED-LENGTH DATA ELEMENTS--GENERAL INFORMATION
fixed length control field 240416b |||||||| |||| 00| 0 eng d
040 ## - CATALOGING SOURCE
Transcribing agency MRSPTU
100 ## - MAIN ENTRY--PERSONAL NAME
Personal name Shan, Harnam Singh (ਸ਼ਾਨ, ਹਰਨਾਮ ਸਿੰਘ)
245 ## - TITLE STATEMENT
Title Guru Arjan Dev Bachnabali (ਗੁਰੂ ਅਰਜਨ ਬਚਨਾਵਲੀ)
250 ## - EDITION STATEMENT
Edition statement 1st
260 ## - PUBLICATION, DISTRIBUTION, ETC.
Place of publication, distribution, etc. Punjab
Name of publisher, distributor, etc. Government of Punjab
Date of publication, distribution, etc. 2007
300 ## - PHYSICAL DESCRIPTION
Extent 423
942 ## - ADDED ENTRY ELEMENTS (KOHA)
Source of classification or shelving scheme Dewey Decimal Classification
Koha item type Book
Suppress in OPAC No
Holdings
Withdrawn status Lost status Source of classification or shelving scheme Damaged status Not for loan Collection Home library Current library Date acquired Total checkouts Barcode Date last seen Date last checked out Price effective from Koha item type
    Dewey Decimal Classification     BK MRSPTU Central Library MRSPTU Central Library 04/16/2024 1 G-220 06/19/2024 05/20/2024 04/16/2024 Book

Website Designed and Developed by MRSPTU Central Library Team

E-mail Id: librarian@mrsptu.ac.in